[Event "WLS Under 1850 League"]
[Site "Wales"]
[Date "2020.01.26"]
[Round "1.11"]
[White "Miga, Tomasz"]
[Black "Ryan, Tabitha"]
[Result "1-0"]
[WhiteElo "1795"]
[BlackElo "999"]
[PlyCount "93"]
[EventDate "2020.01.26"]
[EventType "team-tourn"]
[EventRounds "9"]
[EventCountry "WLS"]
[SourceTitle "EXT 2022"]
[Source "ChessBase"]
[SourceDate "2021.10.06"]
[SourceVersion "1"]
[SourceVersionDate "2021.10.06"]
[SourceQuality "1"]
[WhiteTeam "White Knights"]
[BlackTeam "Ponty Youth"]
[WhiteTeamCountry "WLS"]
[BlackTeamCountry "WLS"]

1. d4 d5 2. Nf3 Nf6 3. c4 c6 4. Nc3 Bf5 5. cxd5 Nxd5 6. Qb3 Qd7 7. Ne5 Qd8 8. e4 Be6 9. exd5 cxd5 10. Qxb7 Nd7 11. Bb5 Rb8 12. Nxd7 Bxd7 13. Bxd7+ Qxd7 14. Qxb8+ Qd8 15. Qxd8+ Kxd8 16. Nxd5 e6 17. Nc3 Bb4 18. Ke2 Kd7 19. Bf4 Rc8 20. Kd3 h6 21. h4 f6 22. h5 Rg8 23. a3 Bd6 24. Bxd6 Kxd6 25. Nb5+ Kd5 26. b4 a6 27. Nc7+ Kd6 28. Nxa6 Ra8 29. Nc5 e5 30. Rhe1 Kd5 31. dxe5 fxe5 32. g4 Rf8 33. Rxe5+ Kd6 34. Rae1 Rf3+ 35. R1e3 Rxf2 36. Ne4+ Kxe5 37. Nxf2+ Kf4 38. b5 Kg5 39. Ke4 g6 40. hxg6 Kxg6 41. Nh3 Kf6 42. Kd5 Kg6 43. Re6+ Kg7 44. Ke5 Kh7 45. Kf6 Kh8 46. Kg6 Kg8 47. Re8# 1-0

[Event "EU-Cup 35th"]
[Site "Ulcinj"]
[Date "2019.11.15"]
[Round "6.32"]
[White "Haveland, Bjorn Ivar"]
[Black "Miga, Tomasz"]
[Result "0-1"]
[WhiteElo "1837"]
[BlackElo "1622"]
[PlyCount "100"]
[EventDate "2019.11.10"]
[EventType "team-swiss"]
[EventRounds "7"]
[EventCountry "MNE"]
[SourceTitle "EXT 2021"]
[Source "ChessBase"]
[SourceDate "2020.10.23"]
[SourceVersion "1"]
[SourceVersionDate "2020.10.23"]
[SourceQuality "1"]
[WhiteTeam "Baerum"]
[BlackTeam "White Knights"]
[WhiteTeamCountry "DEN"]
[BlackTeamCountry "ENG"]

1. d4 d5 2. Nf3 Nf6 3. e3 e6 4. Bd3 c5 5. b3 cxd4 6. exd4 Nc6 7. 0-0 Be7 8. Bb2 0-0 9. Ne5 Nb4 10. Be2 Ne4 11. a3 Nc6 12. Nd2 Nd6 13. f4 Nf5 14. Bd3 Nfxd4 15. Nxc6 Nxc6 16. Nf3 Bf6 17. Ne5 Nxe5 18. fxe5 Bg5 19. Rf3 f5 20. Qe2 Bd7 21. Raf1 Qe7 22. Kh1 Be8 23. Rh3 Bh6 24. Qf2 Kh8 25. g4 Bg6 26. Rf3 Bg5 27. gxf5 exf5 28. Bxf5 Bh5 29. Bg4 Rxf3 30. Qxf3 Bxg4 31. Qxg4 h6 32. Qf5 Kg8 33. Qd3 Qe6 34. Kg2 Qg4+ 35. Qg3 Qe4+ 36. Qf3 Qxc2+ 37. Rf2 Qe4 38. Qxe4 dxe4 39. Re2 Rd8 40. Kf2 e3+ 41. Kf3 Rf8+ 42. Ke4 Rf2 43. Kd3 Bf4 44. h3 g5 45. Bd4 Rxe2 46. Kxe2 a6 47. Kf3 Kf7 48. h4 Ke6 49. hxg5 hxg5 50. b4 b5 0-1

[Event "South Wales op 16th"]
[Site "Cardiff"]
[Date "2019.07.11"]
[Round "7"]
[White "Miga, Tomasz"]
[Black "Borkowski, J Andrew"]
[Result "1/2-1/2"]
[WhiteElo "1593"]
[BlackElo "1769"]
[PlyCount "66"]
[EventDate "2019.07.07"]
[EventType "swiss"]
[EventRounds "9"]
[EventCountry "WLS"]
[SourceTitle "CBM 191 Extra"]
[Source "ChessBase"]
[SourceDate "2019.09.30"]
[SourceVersion "1"]
[SourceVersionDate "2019.09.30"]
[SourceQuality "1"]

1. d4 d5 2. Nf3 c6 3. c4 e6 4. Nc3 f5 5. g3 Nf6 6. Bg5 Be7 7. Bxf6 Bxf6 8. Bg2 0-0 9. 0-0 Nd7 10. c5 b6 11. b4 e5 12. dxe5 Nxe5 13. Nxe5 Bxe5 14. Rc1 Bxc3 15. Rxc3 b5 16. Re3 Kh8 17. Qd4 a5 18. a3 axb4 19. axb4 Ra7 20. Ra1 Rxa1+ 21. Qxa1 Re8 22. Rxe8+ Qxe8 23. Qa8 Kg8 24. Kf1 Kf7 25. Ke1 Qe6 26. Qa7+ Bd7 27. Qc7 Ke7 28. Kd2 Qf6 29. Qf4 Qb2+ 30. Kd3 Qb3+ 31. Kd2 Qb2+ 32. Kd3 Qb1+ 33. Kd2 Qb2+ 1/2-1/2

[Event "South Wales op 16th"]
[Site "Cardiff"]
[Date "2019.07.07"]
[Round "2"]
[White "Spanton, Timothy"]
[Black "Miga, Tomasz"]
[Result "1-0"]
[WhiteElo "1900"]
[BlackElo "1593"]
[PlyCount "51"]
[EventDate "2019.07.07"]
[EventType "swiss"]
[EventRounds "9"]
[EventCountry "WLS"]
[SourceTitle "CBM 191 Extra"]
[Source "ChessBase"]
[SourceDate "2019.09.30"]
[SourceVersion "1"]
[SourceVersionDate "2019.09.30"]
[SourceQuality "1"]

1. e4 c5 2. Nf3 g6 3. d4 cxd4 4. Nxd4 Nc6 5. Nc3 Bg7 6. Nxc6 bxc6 7. Bc4 Nf6 8. e5 Ng8 9. Qf3 e6 10. Bf4 Qa5 11. 0-0-0 Bxe5 12. Bxe5 Qxe5 13. Rhe1 Qf5 14. Qg3 Nf6 15. Qd6 Qg4 16. Rd4 Qg5+ 17. Kb1 Nh5 18. g4 Ng7 19. Ne4 Qe7 20. Qe5 0-0 21. Nf6+ Kh8 22. Re3 Ne8 23. g5 Nxf6 24. gxf6 Qd8 25. Rh3 d6 26. Rdh4 1-0

[Event "South Wales New Year Major"]
[Site "Bridgend"]
[Date "2018.01.07"]
[Round "4"]
[White "Miga, Tomasz"]
[Black "Lutchman Singh, Aishwarya"]
[Result "1-0"]
[WhiteElo "1694"]
[BlackElo "1356"]
[PlyCount "87"]
[EventDate "2018.01.05"]
[EventType "swiss"]
[EventRounds "5"]
[EventCountry "WLS"]
[SourceTitle "EXT 2020"]
[Source "ChessBase"]
[SourceDate "2019.10.17"]
[SourceVersion "1"]
[SourceVersionDate "2019.10.17"]
[SourceQuality "1"]

1. d4 Nf6 2. Nf3 d6 3. Bf4 Nbd7 4. e3 g6 5. Bd3 Bg7 6. h3 0-0 7. 0-0 Qe8 8. Bh2 e5 9. dxe5 dxe5 10. e4 Nh5 11. Nc3 c6 12. Re1 Nc5 13. Qe2 Nf4 14. Qe3 Ncxd3 15. cxd3 Bh6 16. Bxf4 Bxf4 17. Qc5 b6 18. Qd6 Ba6 19. Rad1 Rd8 20. Qa3 Bxd3 21. Qxa7 b5 22. Qc7 Bc2 23. Rxd8 Qxd8 24. Qxc6 b4 25. Nd5 b3 26. axb3 Bxb3 27. Nxf4 exf4 28. Qc3 Qb6 29. Qd4 Qc6 30. e5 Qc4 31. Qxc4 Bxc4 32. Re4 Bd5 33. Rxf4 Rb8 34. b4 Bxf3 35. gxf3 Rb5 36. Re4 g5 37. Kf1 Kf8 38. Ke2 Rd5 39. Ke3 Ke7 40. f4 gxf4+ 41. Kxf4 Ke6 42. Rc4 Rxe5 43. Rc6+ Kd5 44. Rc5+ 1-0